| 000 -LEADER |
| fixed length control field |
00473cam a22001217a 4500 |
| 008 - FIXED-LENGTH DATA ELEMENTS--GENERAL INFORMATION |
| fixed length control field |
180718b1971 xxu||||| |||| 00| 0 eng d |
| 082 ## - DEWEY DECIMAL CLASSIFICATION NUMBER |
| Classification number |
T393 Un3c |
| 100 ## - MAIN ENTRY--PERSONAL NAME |
| Personal name |
Robson, Peter |
| 245 ## - TITLE STATEMENT |
| Title |
Current problems of economic integration: fiscal compensation and the disribution of benefits in economic groupings of developing countries |
| Statement of responsibility, etc. |
by Peter Robson |
| 260 ## - PUBLICATION, DISTRIBUTION, ETC. |
| Place of publication, distribution, etc. |
New York |
| Name of publisher, distributor, etc. |
United Nations |
| Date of publication, distribution, etc. |
1971 |
| 300 ## - PHYSICAL DESCRIPTION |
| Extent |
39+p |
| 700 ## - ADDED ENTRY--PERSONAL NAME |
| Personal name |
United Nations Conference on Trade and Development |